Soil, Cement, Roads construction handbook (Record no. 547718)
[ view plain ]
| 000 -LEADER | |
|---|---|
| fixed length control field | 00439nam a22001337a 4500 |
| 082 ## - DEWEY DECIMAL CLASSIFICATION NUMBER | |
| Classification number | 625.84 |
| Author Mark | CON |
| -- | L-15, P-28 |
| 100 ## - MAIN ENTRY--PERSONAL NAME | |
| Personal name | The concrete Association of India |
| 9 (RLIN) | 43859 |
| 245 ## - TITLE STATEMENT | |
| Title | Soil, Cement, Roads construction handbook |
| Statement of responsibility, etc. | The concrete Association of India |
| 260 ## - PUBLICATION, DISTRIBUTION, ETC. | |
| Place of publication, distribution, etc. | Bombay |
| Name of publisher, distributor, etc. | The concrete Association of India |
| 300 ## - PHYSICAL DESCRIPTION | |
| Extent | 151 p. |
| Other physical details | ill. |
| Dimensions | 22 cm |
| 526 ## - STUDY PROGRAM INFORMATION NOTE | |
| Program name | 0 |
| Interest level | 0 |
| Reading level | 0 |
| Title point value | 625_840000000000000_CON |
| 650 ## - SUBJECT ADDED ENTRY--TOPICAL TERM | |
| Topical term or geographic name entry element | MCE |
| 9 (RLIN) | 379 |
| 942 ## - ADDED ENTRY ELEMENTS (KOHA) | |
| Source of classification or shelving scheme | |
| Koha item type | Book |
| Withdrawn status | Lost status | Source of classification or shelving scheme | Damaged status | Not for loan | Permanent Location | Current Location | Date acquired | Total Checkouts | Full call number | Barcode | Date last seen | Price effective from | Koha item type |
|---|---|---|---|---|---|---|---|---|---|---|---|---|---|
| Military College of Engineering (MCE) | Military College of Engineering (MCE) | 08/05/2014 | 625.84 CON | MCE-990 | 08/05/2014 | 08/05/2014 | Book |
